[Event "Herzogenrath- Düsseldorf 2"]
[Site "?"]
[Date "2023.05.21"]
[Round "9.4"]
[White "Haverkamp, Klaus"]
[Black "Berndt, Axel"]
[Result "0-1"]
[WhiteElo "1838"]
[BlackElo "2131"]
[PlyCount "118"]
[EventDate "2023.??.??"]
[SourceVersionDate "2023.06.22"]
[WhiteTeam "SV Herzogenrath"]
[BlackTeam "Düsseldorfer SK 2"]

1. e4 Nf6 2. e5 Nd5 3. d4 d6 4. Nf3 g6 5. c4 Nb6 6. exd6 cxd6 7. h3 Bg7 8. Be2
O-O 9. O-O Nc6 10. Nc3 Bf5 11. Be3 d5 12. cxd5 Nxd5 13. Nxd5 Qxd5 14. b3 Rfd8
15. Rc1 Qa5 16. Bc4 h6 17. Qe2 Be4 18. Rfd1 e6 19. Bd2 Bxf3 20. Qxf3 Qb6 21. d5
Nd4 22. Qg4 exd5 23. Bd3 h5 24. Qg5 Ne6 25. Qe7 Re8 26. Qb4 Qxb4 27. Bxb4 Bf8
28. Bc3 Bh6 29. Bd2 Bxd2 30. Rxd2 Rac8 31. Rdc2 Rxc2 32. Rxc2 Kg7 33. Kf1 Nf4
34. Bb5 Re7 35. b4 a6 36. Ba4 Nd3 37. g3 Nxb4 38. Rd2 b5 39. Bb3 Rd7 40. a3 Nc6
41. Rxd5 Rxd5 42. Bxd5 Nd8 43. h4 Kf6 44. f4 Ke7 45. Ke2 Kd6 46. Be4 Nc6 47.
Kd3 Ne7 48. Bb7 a5 49. Ba6 Kc5 50. a4 bxa4 51. Bc4 Nd5 52. g4 Nxf4+ 53. Kc3
Nd5+ 54. Bxd5 Kxd5 55. g5 Ke4 56. Kc4 Kf4 57. Kd4 Kg4 58. Ke4 a3 59. Kd4 a2 0-1

[Event "Herzogenrath- Düsseldorf 2"]
[Site "?"]
[Date "2023.05.21"]
[Round "9.5"]
[White "Partenheimer, Axel"]
[Black "Arns, Danny"]
[Result "1-0"]
[WhiteElo "2119"]
[BlackElo "1857"]
[PlyCount "75"]
[EventDate "2023.??.??"]
[SourceVersionDate "2023.06.22"]
[WhiteTeam "Düsseldorfer SK 2"]
[BlackTeam "SV Herzogenrath"]

1. Nf3 Nf6 2. g3 d5 3. Bg2 Bg4 4. c4 c6 5. Ne5 Bf5 6. cxd5 cxd5 7. Qa4+ Nbd7 8.
Nc3 e6 9. g4 Bc2 10. Nxf7 Bxa4 11. Nxd8 Rxd8 12. Nxa4 Nxg4 13. Bh3 Ndf6 14. f3
b5 15. Nc3 b4 16. Nb5 Rb8 17. Nc7+ Kd7 18. fxg4 Kxc7 19. g5 Ne4 20. d3 Nc5 21.
d4 Ne4 22. Bxe6 Rd8 23. O-O Kd6 24. Bg4 Be7 25. Bf4+ Kc6 26. Rac1+ Kb5 27. Rc7
Bxg5 28. Bxg5 Nxg5 29. Rfc1 Ne4 30. Bd7+ Kb6 31. R1c6+ Kb5 32. Rb7+ Ka5 33.
Rxa7+ Kb5 34. Rb7+ Ka5 35. a3 bxa3 36. bxa3 Rhf8 37. Ra7+ Kb5 38. Rcc7+ 1-0

[Event "Herzogenrath- Düsseldorf 2"]
[Site "?"]
[Date "2023.05.21"]
[Round "9.6"]
[White "Schmitt, Lars"]
[Black "Zimmermann, Rolf"]
[Result "0-1"]
[WhiteElo "1811"]
[BlackElo "2064"]
[PlyCount "145"]
[EventDate "2023.??.??"]
[SourceVersionDate "2023.06.22"]
[WhiteTeam "SV Herzogenrath"]
[BlackTeam "Düsseldorfer SK 2"]

1. d4 d5 2. c4 e6 3. Nc3 Nf6 4. cxd5 exd5 5. Bg5 Be7 6. e3 c6 7. Bd3 Bg4 8. Qc2
Bh5 9. Nf3 Nbd7 10. h3 Bg6 11. O-O O-O 12. Bxg6 hxg6 13. Rab1 Ne8 14. Bxe7 Qxe7
15. b4 a6 16. a4 Nd6 17. Nd2 Nb6 18. Rfd1 Nbc4 19. Qd3 Nxd2 20. Rxd2 Nc4 21.
Re2 f5 22. Rb3 Qf7 23. Nb1 Rfe8 24. Rc3 Qe7 25. Nd2 Nxd2 26. Rxd2 Qxb4 27. Rb3
Qe7 28. Rb6 Red8 29. Rdb2 Rd7 30. Qb3 Ra7 31. Qb4 Qxb4 32. R2xb4 Kf8 33. Kh2 g5
34. Kg3 Kf7 35. Rb1 Kg6 36. Kf3 Rf7 37. g3 Kh5 38. Rh1 Ra8 39. Rhb1 Ra7 40. Rh1
f4 41. g4+ Kg6 42. e4 dxe4+ 43. Kxe4 Ra8 44. Rhb1 Re8+ 45. Kf3 Rd8 46. Rxb7
Rxb7 47. Rxb7 Rxd4 48. Rb6 Rxa4 49. Rxc6+ Kh7 50. Rc5 Ra3+ 51. Kg2 Kh6 52. Rc6+
g6 53. Rc7 a5 54. Ra7 a4 55. Ra8 Ra1 56. Ra7 a3 57. f3 a2 58. Ra8 Kg7 59. Ra7+
Kf8 60. Ra8+ Ke7 61. Ra7+ Kd6 62. Ra6+ Kd5 63. Ra5+ Kc4 64. Ra8 Rd1 65. Rxa2
Kd3 66. Ra6 Rd2+ 67. Kg1 Ke3 68. Rxg6 Kxf3 69. Rxg5 Kg3 70. Kf1 f3 71. Re5 Rd1+
72. Re1 Rxe1+ 73. Kxe1 0-1

[Event "Herzogenrath- Düsseldorf 2"]
[Site "?"]
[Date "2023.05.21"]
[Round "9.7"]
[White "Kesseler, Heiko"]
[Black "Samraoui, Mekki"]
[Result "1-0"]
[WhiteElo "2018"]
[BlackElo "2054"]
[PlyCount "31"]
[EventDate "2023.??.??"]
[SourceVersionDate "2023.06.22"]
[WhiteTeam "Düsseldorfer SK 2"]
[BlackTeam "SV Herzogenrath"]

1. e4 e6 2. d4 d5 3. Nc3 Bb4 4. e5 c5 5. a3 Bxc3+ 6. bxc3 Qc7 7. Nf3 Nc6 8. Bd3
cxd4 9. cxd4 Nxd4 10. Nxd4 Qc3+ 11. Qd2 Qxa1 12. O-O Qb1 13. Nb5 Kf8 14. a4 Ne7
15. Ba3 Qxf1+ 16. Kxf1 1-0

[Event "Herzogenrath- Düsseldorf 2"]
[Site "?"]
[Date "2023.05.21"]
[Round "9.8"]
[White "Banai, Mehdi"]
[Black "Rudolph, Eva"]
[Result "0-1"]
[WhiteElo "1103"]
[BlackElo "1802"]
[PlyCount "54"]
[EventDate "2023.??.??"]
[SourceVersionDate "2023.06.22"]
[WhiteTeam "SV Herzogenrath"]
[BlackTeam "Düsseldorfer SK 2"]

1. e4 c5 2. d4 cxd4 3. c3 Nf6 4. e5 Nd5 5. cxd4 e6 6. a3 Nc6 7. Bc4 d6 8. f4
dxe5 9. fxe5 Qh4+ 10. Kf1 Nxd4 11. Bxd5 exd5 12. Nf3 Nxf3 13. Qxf3 Qc4+ 14. Kf2
Bc5+ 15. Kg3 h5 16. h3 Bd7 17. Bg5 Bc6 18. Rc1 Qd4 19. Nc3 O-O 20. Re1 f6 21.
Be3 Qxe5+ 22. Bf4 Qf5 23. Rad1 d4 24. Ne4 Rfe8 25. Rxd4 Bxd4 26. Nd6 Rxe1 27.
Qxc6 Qg6+ 0-1

[Event "Köln 2- Euskirchen"]
[Site "?"]
[Date "2023.05.21"]
[Round "9.1"]
[White "Vandenbergen, Nicolas"]
[Black "Schwibbert, Jonas"]
[Result "0-1"]
[WhiteElo "2109"]
[BlackElo "2031"]
[PlyCount "76"]
[SourceVersionDate "2023.06.22"]

1. Nc3 d5 2. e4 d4 3. Nce2 e5 4. Ng3 Nc6 5. Bc4 Na5 6. Bb5+ c6 7. Be2 c5 8. Nf3
Bd6 9. Bb5+ Nc6 10. O-O Nge7 11. a3 a6 12. Bc4 h6 13. d3 g6 14. h3 Qc7 15. Nh2
h5 16. Bg5 Nd8 17. c3 Be6 18. Qa4+ Qd7 19. Qxd7+ Kxd7 20. cxd4 cxd4 21. Ne2 b5
22. Bxe6+ Nxe6 23. Bf6 Rhc8 24. f4 exf4 25. Nf3 Nc6 26. Kh1 Be7 27. Ne5+ Nxe5
28. Bxe5 f6 29. Bxf4 Rc2 30. Rae1 Rxb2 31. e5 f5 32. Bc1 Ra2 33. Nf4 Bxa3 34.
Bxa3 Rxa3 35. Nxg6 Rg8 36. Nf4 Ra2 37. Nxh5 Rgxg2 38. Rxf5 Ng5 0-1

[Event "Köln 2- Euskirchen"]
[Site "?"]
[Date "2023.05.21"]
[Round "9.2"]
[White "Klemenz, Luca"]
[Black "Neubauer, Juergen"]
[Result "1-0"]
[WhiteElo "1904"]
[BlackElo "2050"]
[PlyCount "87"]
[SourceVersionDate "2023.06.22"]

1. d4 d6 2. Nf3 Nd7 3. e4 g6 4. Bc4 Nb6 5. Bb3 Bg7 6. O-O e6 7. c3 Ne7 8. Re1
O-O 9. Nbd2 a5 10. a4 Bd7 11. Nf1 Rc8 12. Ng3 c5 13. dxc5 dxc5 14. Be3 Rc6 15.
Qd2 Qc7 16. Rad1 Nec8 17. e5 c4 18. Bc2 Nd5 19. Bh6 Rb6 20. Nh5 Bh8 21. Bxf8
Kxf8 22. Qh6+ Ke7 23. Ng3 Rxb2 24. Rd2 Nxc3 25. Qxh7 Rxc2 26. Rxc2 Nd5 27. Qxh8
Bxa4 28. Qh4+ g5 29. Qxg5+ Kd7 30. Rcc1 b5 31. h4 b4 32. h5 b3 33. h6 Nce7 34.
h7 Ng6 35. Nd4 b2 36. Rb1 Qb6 37. Nge2 c3 38. Qxg6 fxg6 39. h8=Q c2 40. Qg7+
Ne7 41. Qh6 Qb4 42. Nxc2 Bxc2 43. Qf4 Be4 44. Ng3 1-0

[Event "Köln 2- Euskirchen"]
[Site "?"]
[Date "2023.05.21"]
[Round "9.3"]
[White "Herzwurm, Robert"]
[Black "Meertens, Martin"]
[Result "1/2-1/2"]
[WhiteElo "1932"]
[BlackElo "2083"]
[PlyCount "53"]
[SourceVersionDate "2023.06.22"]

1. e4 c5 2. Nc3 Nc6 3. Bb5 Nd4 4. Nf3 Nxb5 5. Nxb5 a6 6. Nc3 d6 7. d4 cxd4 8.
Qxd4 e6 9. Bg5 Nf6 10. O-O-O Be7 11. Rd2 Qc7 12. Rhd1 Qc5 13. e5 Qxd4 14. Rxd4
dxe5 15. Nxe5 h6 16. Be3 O-O 17. Na4 Nd5 18. Rxd5 exd5 19. Nb6 Be6 20. Nxa8
Rxa8 21. Nd3 Rd8 22. Bb6 Rc8 23. Nf4 Bg5 24. Be3 Bxf4 25. Bxf4 Kf8 26. Be5 g6
27. c3 1/2-1/2

[Event "Köln 2- Euskirchen"]
[Site "?"]
[Date "2023.05.21"]
[Round "9.4"]
[White "Goldenstein, Arnd"]
[Black "Scholzen, Wolfgang"]
[Result "0-1"]
[WhiteElo "1894"]
[BlackElo "2028"]
[PlyCount "80"]
[SourceVersionDate "2023.06.22"]

1. d4 Nf6 2. c4 c5 3. d5 e6 4. Nc3 exd5 5. cxd5 d6 6. e4 g6 7. Nf3 Bg7 8. h3
O-O 9. Bf4 b5 10. Bxb5 Nxe4 11. O-O Nxc3 12. bxc3 Bxc3 13. Bh6 Bg7 14. Qd2 Ba6
15. a4 Bxb5 16. axb5 Nd7 17. Ra6 Nb6 18. Bxg7 Kxg7 19. Rfa1 Qd7 20. Ng5 Rfe8
21. f3 Qe7 22. Ne4 Qe5 23. Rxa7 Rxa7 24. Rxa7 Nxd5 25. Rd7 Nb6 26. Ra7 Nc4 27.
Qd3 Qd4+ 28. Qxd4+ cxd4 29. Ra2 Rb8 30. Ra4 d5 31. Nf2 Rxb5 32. Nd3 Rb3 33. Nf4
d3 34. Ra1 Nb2 35. Kf1 d2 36. Ke2 d1=Q+ 37. Rxd1 Nxd1 38. Kxd1 g5 39. Ne2 Kf6
40. Kd2 Ke5 0-1

[Event "Köln 2- Euskirchen"]
[Site "?"]
[Date "2023.05.21"]
[Round "9.5"]
[White "Hack, Thomas"]
[Black "Pragua, Christoph"]
[Result "1-0"]
[WhiteElo "1991"]
[BlackElo "2068"]
[PlyCount "67"]
[SourceVersionDate "2023.06.22"]

1. e4 e5 2. Nf3 Nc6 3. Bb5 a6 4. Ba4 Nf6 5. O-O Be7 6. d3 b5 7. Bb3 d6 8. a4
Rb8 9. axb5 axb5 10. Nc3 O-O 11. h3 Nd4 12. Nxd4 exd4 13. Ne2 c5 14. c3 dxc3
15. bxc3 Be6 16. Nf4 Qd7 17. Be3 Rfd8 18. Nxe6 fxe6 19. f4 c4 20. Bc2 d5 21. e5
cxd3 22. Qxd3 Ne4 23. Ra7 Rb7 24. Rfa1 Rdb8 25. Kh2 g6 26. Bd4 Bc5 27. R7a6 Rb6
28. R6a5 Qc7 29. Qe2 Bxd4 30. cxd4 Nc3 31. Qg4 b4 32. Ra7 R8b7 33. Ra8+ Rb8 34.
R1a7 1-0

[Event "Köln 2- Euskirchen"]
[Site "?"]
[Date "2023.05.21"]
[Round "9.7"]
[White "Alnafkhosh, Nashaat"]
[Black "Kaefs, Jona"]
[Result "1/2-1/2"]
[WhiteElo "1807"]
[BlackElo "1270"]
[PlyCount "52"]
[SourceVersionDate "2023.06.22"]

1. Nf3 d5 2. g3 Nf6 3. Bg2 c5 4. d3 Nc6 5. b3 a5 6. O-O g6 7. Bb2 Bg7 8. Ne5
O-O 9. Nxc6 bxc6 10. e4 e6 11. Nd2 a4 12. bxa4 Rxa4 13. c4 Ra7 14. Nb3 Qb6 15.
Qc2 d4 16. a4 Rb7 17. Ra3 e5 18. a5 Qa7 19. Bc1 Nd7 20. f4 f6 21. f5 g5 22. Qa2
Rd8 23. Bd2 Nb8 24. Rb1 Na6 25. Nc1 Nb4 26. Bxb4 cxb4 1/2-1/2

[Event "Holsterhausen- Welper"]
[Site "?"]
[Date "2023.05.21"]
[Round "9.1"]
[White "Fuellgrabe, Thomas"]
[Black "Schwalen, Peter"]
[Result "1/2-1/2"]
[WhiteElo "2189"]
[BlackElo "2101"]
[PlyCount "61"]
[SourceVersionDate "2023.06.22"]

1. e4 c5 2. Nf3 d6 3. Bb5+ Nd7 4. d4 cxd4 5. Qxd4 e5 6. Qd3 a6 7. Bxd7+ Bxd7 8.
c4 h6 9. Nc3 Nf6 10. O-O Rc8 11. Be3 Be7 12. a4 Be6 13. Nd5 Bxd5 14. cxd5 O-O
15. Nd2 Qc7 16. f3 Qc2 17. Ra3 Qxd3 18. Rxd3 Nd7 19. Rb3 Rc7 20. Kf2 Rfc8 21.
Ke2 Bg5 22. Bxg5 hxg5 23. Ra1 Kf8 24. Rb4 Ke7 25. b3 Nc5 26. Nc4 Nd7 27. Ra2 g6
28. Kd2 Rh8 29. h3 Rhc8 30. Ne3 Kd8 31. Nc4 1/2-1/2

[Event "Holsterhausen- Welper"]
[Site "?"]
[Date "2023.05.21"]
[Round "9.2"]
[White "Dergatschova, Anna"]
[Black "Kemna, Guido"]
[Result "1/2-1/2"]
[WhiteElo "2119"]
[BlackElo "2151"]
[PlyCount "52"]
[SourceVersionDate "2023.06.22"]

1. b4 d5 2. Bb2 Nf6 3. Nf3 Bf5 4. e3 e6 5. a3 Bd6 6. c4 c6 7. Nc3 O-O 8. Be2 h6
9. O-O Nbd7 10. d3 dxc4 11. dxc4 Bc7 12. Qb3 Qe7 13. Rfd1 Rfd8 14. a4 Ne4 15.
c5 Ndf6 16. Nxe4 Nxe4 17. Qc4 Rxd1+ 18. Rxd1 Rd8 19. Rxd8+ Bxd8 20. Qd4 f6 21.
Bd3 Ng5 22. Nxg5 hxg5 23. Bc4 Bc7 24. e4 Bg6 25. Qd3 Kf7 26. f3 Qd8 1/2-1/2

[Event "Holsterhausen- Welper"]
[Site "?"]
[Date "2023.05.21"]
[Round "9.3"]
[White "Schaller, Fabian"]
[Black "Kortenbusch, Christoph"]
[Result "1/2-1/2"]
[WhiteElo "2079"]
[BlackElo "2063"]
[PlyCount "24"]
[SourceVersionDate "2023.06.22"]

1. Nf3 c5 2. b3 Nf6 3. Bb2 Nc6 4. c4 d6 5. d4 cxd4 6. Nxd4 e5 7. Nxc6 bxc6 8.
Nc3 d5 9. cxd5 cxd5 10. e3 Bb4 11. a3 Ba5 12. b4 Bc7 1/2-1/2

[Event "Holsterhausen- Welper"]
[Site "?"]
[Date "2023.05.21"]
[Round "9.4"]
[White "Sicars, Thorsten"]
[Black "Linde, Wolfgang"]
[Result "1/2-1/2"]
[WhiteElo "2020"]
[BlackElo "2053"]
[PlyCount "33"]
[SourceVersionDate "2023.06.22"]

1. c4 e6 2. Nc3 d5 3. e3 Nf6 4. Nf3 Be7 5. b3 O-O 6. Bb2 b6 7. Be2 Bb7 8. O-O
Nbd7 9. cxd5 exd5 10. Qc2 a6 11. Rac1 Bd6 12. d4 Qe7 13. Bd3 Ne4 14. Rfe1 f5
15. Ne2 Rfc8 16. Red1 Ndf6 17. Ne5 1/2-1/2

[Event "Holsterhausen- Welper"]
[Site "?"]
[Date "2023.05.21"]
[Round "9.5"]
[White "Schaller, Torsten"]
[Black "Lindenmaier, reinhard"]
[Result "1-0"]
[WhiteElo "1972"]
[BlackElo "2065"]
[PlyCount "103"]
[SourceVersionDate "2023.06.22"]

1. e4 Nf6 2. e5 Nd5 3. d4 d6 4. c4 Nb6 5. exd6 exd6 6. Nc3 Be7 7. Bd3 O-O 8.
Nge2 Nc6 9. b3 Bf6 10. Be3 Re8 11. O-O Bg4 12. Qd2 g6 13. h3 Bxe2 14. Bxe2 Bg7
15. Bf3 Rb8 16. Rad1 Ne7 17. g4 c6 18. Bf4 Ra8 19. Ne4 Nec8 20. Nc3 Nd7 21.
Rfe1 Rxe1+ 22. Rxe1 Nf8 23. d5 cxd5 24. Bxd5 Rb8 25. Bxf7+ Kh8 26. Bd5 Nd7 27.
Ne4 Ne5 28. Ng5 h6 29. Bxe5 hxg5 30. Bxg7+ Kxg7 31. Qd4+ Kh6 32. Bf7 Qf8 33.
Re8 Qxf7 34. Rh8+ Qh7 35. Rxh7+ Kxh7 36. Qf6 Nb6 37. Qxd6 Rg8 38. Qe7+ Rg7 39.
Qxg5 Nd7 40. Qh4+ Kg8 41. Qd8+ Kh7 42. b4 Ne5 43. c5 Nc6 44. Qh4+ Kg8 45. b5
Ne5 46. Qd8+ Kh7 47. Kg2 g5 48. Qd5 Nd7 49. c6 bxc6 50. bxc6 Nb6 51. Qf5+ Kh6
52. h4 1-0

[Event "Holsterhausen- Welper"]
[Site "?"]
[Date "2023.05.21"]
[Round "9.6"]
[White "Billaudelle, Frank"]
[Black "Conrad, Joachim"]
[Result "1/2-1/2"]
[WhiteElo "1851"]
[BlackElo "2017"]
[PlyCount "55"]
[SourceVersionDate "2023.06.22"]

1. c4 e5 2. Nc3 Nc6 3. g3 f5 4. a3 Nf6 5. Bg2 g6 6. d3 Bg7 7. e4 Nd4 8. exf5
Nxf5 9. h4 d6 10. Nf3 Nd4 11. Nxd4 exd4 12. Ne2 Ng4 13. Bg5 Qd7 14. O-O O-O 15.
Nf4 Nf6 16. Qd2 c6 17. Rae1 Qf7 18. Re2 h6 19. Bxf6 Qxf6 20. h5 Bg4 21. f3 Bf5
22. g4 g5 23. gxf5 gxf4 24. Qxf4 Rae8 25. Rfe1 Rxe2 26. Rxe2 Qxf5 27. Qxf5 Rxf5
28. Re7 1/2-1/2

[Event "SV Erkenschwick 2 - Weiße Dame Borbeck"]
[Site "NRW-Klasse, Gr. 2 2022/2023"]
[Date "2023.05.21"]
[Round "9.1"]
[White "Loyen, Egbert"]
[Black "Spriestersbach, Kai"]
[Result "0-1"]
[WhiteElo "2153"]
[BlackElo "2143"]
[PlyCount "98"]
[EventDate "2023.??.??"]
[SourceVersionDate "2023.06.22"]
[WhiteTeam "Weiße Dame Borbeck 1"]
[BlackTeam "SV Erkenschwick 2"]

1. Nf3 Nf6 2. g3 g6 3. c4 Bg7 4. Nc3 O-O 5. Bg2 d6 6. d4 Nc6 7. O-O a6 8. Qc2
Bf5 9. e4 Bg4 10. Be3 Bxf3 11. Bxf3 Nd7 12. d5 Nd4 13. Bxd4 Bxd4 14. Rfd1 Bg7
15. Be2 Nc5 16. f3 a5 17. Rab1 e6 18. Na4 b6 19. Kg2 Qd7 20. Nxc5 bxc5 21. Rd3
Bd4 22. Ra3 Rfb8 23. f4 Rb4 24. Rf3 exd5 25. cxd5 Rab8 26. b3 a4 27. f5 Qe7 28.
Rbf1 axb3 29. axb3 Rf8 30. f6 Qe5 31. Bd3 Qg5 32. h4 Qh6 33. Bc4 Ra8 34. Kh3
Rb7 35. g4 Rba7 36. g5 Qf8 37. Qg2 Ra2 38. Qg4 Rc2 39. Rh1 Qe8 40. h5 Raa2 41.
hxg6 hxg6 42. Bb5 Be5 43. Qd7 Qxd7+ 44. Bxd7 Rg2 45. Kh4 Rae2 46. Kh3 Rxg5 47.
Bg4 Rxe4 48. Rg1 Kh7 49. Kh4 Rh5# 0-1

[Event "SV Erkenschwick 2 - Weiße Dame Borbeck"]
[Site "NRW-Klasse, Gr. 2 2022/2023"]
[Date "2023.05.21"]
[Round "9.2"]
[White "Homs, Guust"]
[Black "Hillenbrand, Michael"]
[Result "1/2-1/2"]
[WhiteElo "2154"]
[BlackElo "2068"]
[PlyCount "39"]
[EventDate "2023.??.??"]
[SourceVersionDate "2023.06.22"]
[WhiteTeam "SV Erkenschwick 2"]
[BlackTeam "Weiße Dame Borbeck 1"]

1. e4 g6 2. d4 Bg7 3. Nf3 d6 4. Bc4 Nf6 5. Qe2 c6 6. Bb3 O-O 7. O-O Bg4 8. Nbd2
d5 9. e5 Nfd7 10. h3 Bxf3 11. Nxf3 e6 12. Bg5 Qb6 13. c4 a5 14. c5 Qa6 15. Qd2
b6 16. cxb6 Nxb6 17. a3 N8d7 18. Rac1 Rfc8 19. Be7 Qb5 20. Qc3 1/2-1/2

[Event "SV Erkenschwick 2 - Weiße Dame Borbeck"]
[Site "NRW-Klasse, Gr. 2 2022/2023"]
[Date "2023.05.21"]
[Round "9.3"]
[White "Korste, Sebastian"]
[Black "Krings, Christoph"]
[Result "0-1"]
[WhiteElo "2011"]
[BlackElo "2110"]
[PlyCount "102"]
[EventDate "2023.??.??"]
[SourceVersionDate "2023.06.22"]
[WhiteTeam "Weiße Dame Borbeck 1"]
[BlackTeam "SV Erkenschwick 2"]

1. d4 e6 2. c4 f5 3. Nc3 Nf6 4. e3 Be7 5. Bd3 O-O 6. Nge2 d6 7. O-O e5 8. f3
Nc6 9. a3 Kh8 10. d5 Nb8 11. b4 a5 12. Bb2 axb4 13. axb4 Rxa1 14. Qxa1 Na6 15.
b5 Nc5 16. Bc2 Kg8 17. Na4 Nxa4 18. Qxa4 Nd7 19. Ba3 Qe8 20. Qb3 b6 21. Bb4 Nc5
22. Bxc5 dxc5 23. Ng3 h5 24. e4 f4 25. Nh1 g5 26. h3 Qg6 27. Nf2 g4 28. fxg4
hxg4 29. hxg4 Bh4 30. Qc3 Re8 31. Qd3 Bg3 32. Bd1 Rd8 33. Nh1 Bh4 34. Qf3 Bd7
35. Qh3 Qg5 {(=)} 36. Nf2 Kg7 37. Qf3 Bxf2+ 38. Rxf2 Rh8 39. g3 Rh3 40. gxf4
Qh4 41. fxe5 Rxf3 42. Bxf3 Qg3+ 43. Kf1 Qxe5 44. Kg2 Be8 45. Re2 Kh6 46. Re1
Bg6 47. Re2 Kg5 48. Re1 Kf4 49. Rf1 Ke3 50. Rf2 Kd3 51. Be2+ Kd4 0-1

[Event "SV Erkenschwick 2 - Weiße Dame Borbeck"]
[Site "NRW-Klasse, Gr. 2 2022/2023"]
[Date "2023.05.21"]
[Round "9.4"]
[White "Trzaska, Peter"]
[Black "Dewenter, Ulf"]
[Result "1/2-1/2"]
[WhiteElo "2029"]
[BlackElo "2061"]
[PlyCount "24"]
[EventDate "2023.??.??"]
[SourceVersionDate "2023.06.22"]
[WhiteTeam "SV Erkenschwick 2"]
[BlackTeam "Weiße Dame Borbeck 1"]

1. c4 e6 2. Nf3 d5 3. d4 c6 4. Nbd2 f5 5. Ne5 Nf6 6. Ndf3 Nbd7 7. g3 Ne4 8. a3
Nxe5 9. Nxe5 Bd6 10. Bg2 O-O 11. f3 Nf6 12. O-O Qc7 1/2-1/2

[Event "SV Erkenschwick 2 - Weiße Dame Borbeck"]
[Site "NRW-Klasse, Gr. 2 2022/2023"]
[Date "2023.05.21"]
[Round "9.5"]
[White "Klasmeier, Jens"]
[Black "Jungbluth, Rolf"]
[Result "1-0"]
[WhiteElo "2039"]
[BlackElo "1929"]
[PlyCount "85"]
[EventDate "2023.??.??"]
[SourceVersionDate "2023.06.22"]
[WhiteTeam "Weiße Dame Borbeck 1"]
[BlackTeam "SV Erkenschwick 2"]

1. e4 c5 2. Nc3 Nc6 3. g3 d6 4. Bg2 g6 5. d3 Bg7 6. f4 Bd7 7. Nf3 Nd4 8. O-O
Qc8 9. Nd5 Nf6 10. Nxf6+ Bxf6 11. c3 Nxf3+ 12. Bxf3 Rb8 13. Be3 O-O 14. Rc1 b6
15. g4 Bg7 16. Rf2 Kh8 17. Rg2 e6 18. Qe1 d5 19. Qh4 Qd8 20. Qg3 d4 21. Bd2 e5
22. f5 dxc3 23. bxc3 f6 24. Qh4 g5 {(=)} 25. Qg3 Bb5 26. c4 Be8 27. Be2 Qe7 28.
h4 b5 29. cxb5 Bxb5 30. hxg5 fxg5 31. Be3 Rfc8 32. Qf2 Bf6 33. Rxc5 Qd7 34. Rd5
Qc6 35. d4 exd4 36. Bxd4 Bxe2 37. Bxf6+ Qxf6 38. Qxe2 Rc1+ 39. Kf2 Rcb1 40. Kf3
Qh6 41. Rh2 Qf6 42. Qd3 R1b4 43. Rd7 1-0

[Event "SV Erkenschwick 2 - Weiße Dame Borbeck"]
[Site "NRW-Klasse, Gr. 2 2022/2023"]
[Date "2023.05.21"]
[Round "9.7"]
[White "Mundil, Uwe"]
[Black "Strohmann, Marcel"]
[Result "1-0"]
[WhiteElo "2000"]
[BlackElo "1877"]
[PlyCount "81"]
[EventDate "2023.??.??"]
[SourceVersionDate "2023.06.22"]
[WhiteTeam "Weiße Dame Borbeck 1"]
[BlackTeam "SV Erkenschwick 2"]

1. d4 Nf6 2. c4 g6 3. Nc3 Bg7 4. e4 d6 5. Nf3 O-O 6. Be2 e5 7. O-O Nc6 8. d5
Ne7 9. b4 Nd7 10. a4 f5 11. Ng5 Nf6 12. f3 h6 13. Ne6 Bxe6 14. dxe6 Nc6 15. Nd5
Re8 16. Bd3 f4 17. Bb2 Rxe6 18. Qb3 Kh7 19. Rfd1 Re8 20. Rac1 Ne7 21. Nxf6+
Bxf6 22. c5 Kg7 23. b5 d5 24. exd5 Qxd5 25. Qxd5 Nxd5 26. Be4 Ne7 27. Rd7 c6
28. bxc6 bxc6 29. Bxc6 Rac8 30. Bb7 Rcd8 31. Rcd1 Rxd7 32. Rxd7 Kf8 33. c6 Rb8
34. Ba3 Ke8 35. Bd6 Nxc6 36. Bxc6 Rb1+ 37. Kf2 Rc1 38. Bb5 Rc2+ 39. Ke1 Rxg2
40. Rxa7+ Kd8 41. Ra8# 1-0

[Event "SV Erkenschwick 2 - Weiße Dame Borbeck"]
[Site "NRW-Klasse, Gr. 2 2022/2023"]
[Date "2023.05.21"]
[Round "9.8"]
[White "Al Marawi, Abdulhadi"]
[Black "Dippel, Olaf"]
[Result "1-0"]
[WhiteElo "1950"]
[BlackElo "1728"]
[PlyCount "81"]
[EventDate "2023.??.??"]
[SourceVersionDate "2023.06.22"]
[WhiteTeam "SV Erkenschwick 2"]
[BlackTeam "Weiße Dame Borbeck 1"]

1. Nf3 d5 2. d4 Nf6 3. c4 e6 4. Nc3 Bb4 5. Qa4+ Nc6 6. Bd2 Bd7 7. Qb3 dxc4 8.
Qc2 a6 9. e4 b5 10. a3 Ba5 11. Be2 Bb6 12. Be3 O-O 13. O-O Ng4 14. Rad1 Nxe3
15. fxe3 Ne7 16. Kh1 Ng6 17. Qd2 Qe7 18. Qe1 Ba5 19. Ra1 c5 20. Qg3 Rac8 21.
Bd1 Bc7 22. Qf2 Bc6 23. Bc2 cxd4 24. exd4 Bb6 25. Qg3 Bc7 26. Qf2 Rcd8 27. Rad1
Bb6 28. Qg3 b4 29. Ne2 a5 30. Nf4 Nxf4 31. Qxf4 Bb5 32. e5 g6 33. Ng5 h6 34.
Ne4 Kg7 35. Rf3 Rxd4 36. Rxd4 Bxd4 37. Nf6 Bxb2 38. Nh5+ Kh7 39. Rh3 Qg5 40.
Qxg5 hxg5 41. Nf6+ 1-0

[Event "Horst Emscher- Wattenscheid 2"]
[Site "?"]
[Date "2023.05.21"]
[Round "9.1"]
[White "Schroeder, Wilfried"]
[Black "Baerwolf, Steven"]
[Result "0-1"]
[WhiteElo "2182"]
[BlackElo "2200"]
[PlyCount "40"]
[SourceVersionDate "2023.06.22"]

1. Nf3 d5 2. d4 Nf6 3. c4 e6 4. g3 dxc4 5. Bg2 c5 6. O-O Nc6 7. Ne5 Bd7 8. Na3
cxd4 9. Naxc4 Be7 10. Qb3 Qc7 11. Nxc6 Bxc6 12. Bf4 Qd8 13. Rfd1 O-O 14. Bxc6
bxc6 15. Be5 c5 16. e3 Nd5 17. exd4 f6 18. Bf4 Nxf4 19. gxf4 cxd4 20. Na5 Qxa5
0-1

[Event "Horst Emscher- Wattenscheid 2"]
[Site "?"]
[Date "2023.05.21"]
[Round "9.2"]
[White "Rebentisch, Tom"]
[Black "Peter, Thomas"]
[Result "1-0"]
[WhiteElo "2132"]
[BlackElo "2199"]
[PlyCount "55"]
[SourceVersionDate "2023.06.22"]

1. e4 e6 2. d4 d5 3. Nc3 Bb4 4. Nge2 dxe4 5. a3 Be7 6. Nxe4 Nf6 7. Nxf6+ Bxf6
8. Be3 c5 9. Qd2 Nc6 10. O-O-O cxd4 11. Nxd4 Nxd4 12. Bxd4 O-O 13. Qe3 Bxd4 14.
Rxd4 Qf6 15. Bd3 g6 16. h4 h5 17. Rd6 Rd8 18. Rxd8+ Qxd8 19. g4 hxg4 20. h5 g5
21. h6 Qf6 22. Rh5 Bd7 23. Rxg5+ Kh8 24. Rg7 Rf8 25. Kb1 Bc6 26. Qc5 Re8 27.
Qh5 e5 28. Rxf7 1-0

[Event "Horst Emscher- Wattenscheid 2"]
[Site "?"]
[Date "2023.05.21"]
[Round "9.3"]
[White "Schlehoefer, Ralf"]
[Black "De Roda Husman, Juan"]
[Result "0-1"]
[WhiteElo "2188"]
[BlackElo "2229"]
[PlyCount "82"]
[SourceVersionDate "2023.06.22"]

1. d4 d6 2. e3 Nf6 3. Nf3 g6 4. b3 Bg7 5. Bb2 O-O 6. Bc4 Nbd7 7. Nbd2 e5 8.
dxe5 Ng4 9. Rb1 Ndxe5 10. Nxe5 Nxe5 11. Be2 b6 12. O-O Bb7 13. e4 Qe7 14. Re1
Rad8 15. Bf1 Rfe8 16. c4 a5 17. Qc2 Qf8 18. Rbd1 Bc8 19. Nb1 f5 20. Bxe5 Bxe5
21. exf5 Qxf5 22. Bd3 Qh5 23. g3 Bg4 24. Rc1 Rf8 25. Re4 c5 26. Nc3 Bd4 27.
Rxd4 cxd4 28. Nd5 Rde8 29. Qb2 Qe5 30. f4 Qg7 31. Nxb6 Re3 32. Qd2 Bf3 33. c5
dxc5 34. Rxc5 Rfe8 35. Nc4 Re1+ 36. Kf2 Rd1 37. Qc2 Bh5 38. Ne5 Qb7 39. Qc4+
Kh8 40. Qxd4 Rd2+ 41. Ke3 Qg2 0-1

[Event "Horst Emscher- Wattenscheid 2"]
[Site "?"]
[Date "2023.05.21"]
[Round "9.4"]
[White "Radulovich, Drazen"]
[Black "Koehn, Peter"]
[Result "1-0"]
[WhiteElo "2190"]
[BlackElo "2223"]
[PlyCount "37"]
[SourceVersionDate "2023.06.22"]

1. e4 c6 2. d4 d5 3. exd5 cxd5 4. Bd3 Nc6 5. c3 Qc7 6. Ne2 Bg4 7. f3 Bh5 8. Nf4
Nf6 9. g4 Bg6 10. g5 Nh5 11. Nxd5 Qd6 12. Bc4 O-O-O 13. O-O e5 14. f4 Na5 15.
fxe5 Qc6 16. Be2 Qxd5 17. Bxh5 Nc4 18. Bf3 Qa5 19. Qe2 1-0